01463nab a22002297a 4500003000400000005001700004008004100021040000700062100003800069245017800107260007300285300001500358500007000373505045100443505008900894650002900983650002001012650003101032650002301063650001501086773013201101OSt20251226222706.0190603e xxum|||| |||| 00| 0 spa d cPJ aDíaz Etulain, Andrés Santiago13aLa obtención del dominio por el transcurso del tiempo. La prescripción adquisitiva larga y una crítica a su rigurosidad probatoria /cAndrés Santiago Díaz Etulain. cCiudad Autónoma de Buenos Aires :aThomson Reuters La Ley, b2025. ap. 283-296 aCita: TR LALEY AR/DOC/425/2025 Publicado en: RCCyC 2025 (junio). aSumario: I. Introducción.— II. Definición de derechos reales.— III. Definición del Cód. Civ. y Com.— IV. Clasificación de los derechos reales.— V. Relación de poder: tenencia y posesión.— VI. Clasificación de la posesión.— VII. Definición de usucapión.— VIII. Definición de usucapión en el Cód. Civ. y Com.— IX. Acción declarativa de usucapión.— X. ¿Rigurosidad probatoria?— XI. Conclusión.  t¿Te interesa el texto completo? Solicitalo al correo: koha@justierradelfuego.gov.ar 0aCODIGO CIVIL Y COMERCIAL 0aDERECHOS REALES 0aPRESCRIPCIÓN ADQUISITIVA 0aCARGA DE LA PRUEBA 0aPOSESIÓN0 02713dCiudad Autónoma de Buenos Aires : Thomson Reuters La Ley, 2015-tRevista Código Civil y Comercial. Nº 3 - Junio 2025